Contaminated land: problems and solutions. (Record no. 96908)
[ view plain ]
| 000 -LEADER | |
|---|---|
| fixed length control field | 01209cam a2200289 4500 |
| 008 - FIXED-LENGTH DATA ELEMENTS--GENERAL INFORMATION | |
| fixed length control field | 090401t1998 xxu||||| |||| 00| 0 eng d |
| 020 ## - INTERNATIONAL STANDARD BOOK NUMBER | |
| International Standard Book Number | 0419230904 |
| 035 ## - SYSTEM CONTROL NUMBER | |
| System control number | (Sirsi) u83567 |
| 041 ## - LANGUAGE CODE | |
| Language code of text/sound track or separate title | eng |
| 050 ## - LIBRARY OF CONGRESS CALL NUMBER | |
| Classification number | 333.73 |
| 245 ## - TITLE STATEMENT | |
| Title | Contaminated land: problems and solutions. |
| 250 ## - EDITION STATEMENT | |
| Edition statement | 2nd ed. |
| 260 ## - PUBLICATION, DISTRIBUTION, ETC. | |
| Place of publication, distribution, etc. | London |
| Name of publisher, distributor, etc. | E & F N Spon |
| Date of publication, distribution, etc. | 1998 |
| 300 ## - PHYSICAL DESCRIPTION | |
| Extent | xvi,369p. ; 24cm. |
| 350 ## - PRICE (NR) (BK AM CF MU VM SE) [OBSOLETE] | |
| Price | 95 |
| 520 ## - SUMMARY, ETC. | |
| Summary, etc. | Contaminated land is a problem both in the short and long term as it cannot be used without remediation. The investigation and analysis of the problem, along with the legal responsibilities surrounding the issues, continue to present difficulties to those wishing to use or develop a contaminated site. Since publication of the 1st edition, the area has developed rapidly. Building on the success of the first edition, the new edition has been fully updated to take account of advances in the field. |
| 650 ## - SUBJECT ADDED ENTRY--TOPICAL TERM | |
| Topical term or geographic name entry element | CONTAMINATED LAND |
| 650 ## - SUBJECT ADDED ENTRY--TOPICAL TERM | |
| Topical term or geographic name entry element | IN-GROUND BARRIERS |
| 650 ## - SUBJECT ADDED ENTRY--TOPICAL TERM | |
| Topical term or geographic name entry element | LAND RECLAMATION |
| 650 ## - SUBJECT ADDED ENTRY--TOPICAL TERM | |
| Topical term or geographic name entry element | LANDSCAPING |
| 650 ## - SUBJECT ADDED ENTRY--TOPICAL TERM | |
| Topical term or geographic name entry element | SITE INVESTIGATIONS |
| 690 ## - LOCAL SUBJECT ADDED ENTRY--TOPICAL TERM (OCLC, RLIN) | |
| Topical term or geographic name as entry element | LAND |
| 700 ## - ADDED ENTRY--PERSONAL NAME | |
| Personal name | Cairney, T. |
| International Standard Serial Number | Editor |
| 700 ## - ADDED ENTRY--PERSONAL NAME | |
| Personal name | Hobson, D.M. |
| International Standard Serial Number | Editor |
| 942 ## - ADDED ENTRY ELEMENTS (KOHA) | |
| Suppress in OPAC | 0 |
| 948 ## - LOCAL PROCESSING INFORMATION (OCLC); SERIES PART DESIGNATOR (RLIN) | |
| c (OCLC) | 05/02/1998 |
| Withdrawn status | Lost status | Source of classification or shelving scheme | Damaged status | Not for loan | Home library | Current library | Shelving location | Date acquired | Cost, normal purchase price | Total Checkouts | Full call number | Barcode | Date last seen | Date last checked out | Copy number | Cost, replacement price | Price effective from | Koha item type |
|---|---|---|---|---|---|---|---|---|---|---|---|---|---|---|---|---|---|---|
| Dewey Decimal Classification | London | London | Books | 01/04/1998 | 95.00 | 6 | 333.73 | 30055186 | 06/08/2019 | 12/04/2000 | 1 | 95.00 | 06/08/2019 | Book | ||||
| Dewey Decimal Classification | London | London | Books | 07/09/2000 | 26 | 333.73 | 30062176 | 06/08/2019 | 10/12/2007 | 2 | 06/08/2019 | Book |